000
00248nam a2200097Ia 4500
008
230508s2008 xx 000 0 und d
041
_a
eng
100
_a
GUPTA I C
245
_a
A TEXT BOOK OF ENGINEERING METROLOGY
260
_b
DHANPATRAI
_c
2008
_g
2008
999
_c
734494
_d
734494